000 00429nam a2200181Ia 4500
005 20250423095933.0
008 250422s9999 xx 000 0 und d
020 _a9780305564
050 _aPR 9387.9 .R67 .K8/
100 _aRotimi, Ola.
245 0 _aKurunmi ; an historical tragedy
260 _aIbadan
260 _bOxford University Press
260 _c2006
300 _a95 p
650 _aLiterature
942 _cBK
999 _c31789
_d31789